000
00259nam a2200133Ia 4500
100
_a
#N/A
650
_a
Computers
942
_c
BK
654
_a
AUTOCAD 2000
245
_a
Mastering Autocad 2000
260
_b
BPB Publ.
082
_b
OMU
546
_a
ENGLISH
999
_c
28799
_d
28799